The use of musical instruments in worship and ceremonies in Otun-Ekiti State, Nigeria : (Record no. 25115)

MARC details
000 -LEADER
fixed length control field 00657nam a22001817a 4500
003 - CONTROL NUMBER IDENTIFIER
control field AUA.1
005 - DATE AND TIME OF LATEST TRANSACTION
control field 20251118154712.0
008 - FIXED-LENGTH DATA ELEMENTS--GENERAL INFORMATION
fixed length control field 250701b |||||||| |||| 00| 0 eng d
040 ## - CATALOGING SOURCE
Transcribing agency JTL
100 ## - MAIN ENTRY--PERSONAL NAME
Personal name Oludumila, Oluwasegun Adetokunbo
245 ## - TITLE STATEMENT
Title The use of musical instruments in worship and ceremonies in Otun-Ekiti State, Nigeria :
Remainder of title A quest for the seventh-day Adventist identity /
Statement of responsibility, etc Oluwasegun Adetokunbo Oludumila.
260 ## - PUBLICATION, DISTRIBUTION, ETC. (IMPRINT)
Date of publication, distribution, etc c2022.
300 ## - PHYSICAL DESCRIPTION
Extent viii, 98 leaves :
Other physical details Illustrations :
Dimensions 30cm.
650 ## - SUBJECT ADDED ENTRY--TOPICAL TERM
Topical term or geographic name as entry element Worship
650 ## - SUBJECT ADDED ENTRY--TOPICAL TERM
Topical term or geographic name as entry element Musical instruments
650 ## - SUBJECT ADDED ENTRY--TOPICAL TERM
Topical term or geographic name as entry element Seventh-Day Adventists
942 ## - ADDED ENTRY ELEMENTS (KOHA)
Source of classification or shelving scheme AUA Inhouse Classification
Koha item type Project
Classification part MA PTh
Item part .O48 2022
Holdings
Withdrawn status Lost status Source of classification or shelving scheme Damaged status Not for loan Collection code Home library Current library Shelving location Date acquired Source of acquisition Cost, normal purchase price Serial Enumeration / chronology Total Checkouts Full call number Barcode Date last seen Cost, replacement price Price effective from Koha item type
    Library of Congress Classification     JTL Research Collection Judith Thomas Library Judith Thomas Library Judith Thomas Library Research Section 01/07/2025 Theological Seminary 25.00 AUA27929   MA PTh .O48 2022 AUA27929 01/07/2025 25.00 01/07/2025 Project